Arriba el telón / (Record no. 99874)

MARC details
000 -LEADER
campo de control de longitud fija 01117nam a2200229 i 4500
001 - NÚMERO DE CONTROL
campo de control 99874
003 - IDENTIFICADOR DE NÚMERO DE CONTROL
campo de control ES-MaACL
005 - FECHA Y HORA DE LA ÚLTIMA TRANSACCIÓN
campo de control 20251005063101.0
007 - CAMPO FIJO DE DESCRIPCIÓN FÍSICA--INFORMACIÓN GENERAL
campo de control de longitud fija t|
008 - DATOS DE LONGITUD FIJA--INFORMACIÓN GENERAL
campo de control de longitud fija 050919s1961 sp ||||1| spa d
100 1# - ENTRADA PRINCIPAL--NOMBRE DE PERSONA
Nombre de persona Martínez Olmedilla, Augusto,
Fechas asociadas al nombre 1880-1965
9 (RLIN) 78283
245 10 - MENCIÓN DEL TÍTULO
Título Arriba el telón /
Mención de responsabilidad, etc. A. Martínez Olmedilla ; con 645 ilustraciones y 8 láminas a todo color.
260 ## - PUBLICACIÓN, DISTRIBUCIÓN, ETC.
Lugar de publicación, distribución, etc. Madrid :
Nombre del editor, distribuidor, etc. Aguilar,
Fecha de publicación, distribución, etc. 1961.
300 ## - DESCRIPCIÓN FÍSICA
Extensión 336 p. :
Otras características físicas il. col. y n. ;
Dimensiones 31 cm.
490 1# - MENCIÓN DE SERIE
Mención de serie Panorama de un siglo
505 8# - NOTA DE CONTENIDO CON FORMATO
Nota de contenido con formato Contiene: Resurrección de "Don Juan Tenorio" ; Función de gala en Novedades ; El género españolísimo de la zarzuela ; Los "ases" de la zarzuela clásica ; Los libretistas de la zarzuela clásica ; El género bufo ; El teatro "de verso" ; El género chico ; La revista cómico-lírica ; El gran género lírico ; El género ínfimo ; El género exótico ; Los enemigos del teatro
650 #7 - PUNTO DE ACCESO ADICIONAL DE MATERIA--TÉRMINO DE MATERIA
Término de materia o nombre geográfico como elemento de entrada Teatro-
Subdivisión geográfica España-
Subdivisión cronológica S.XIX
Fuente del encabezamiento o término
9 (RLIN) 141742
650 04 - PUNTO DE ACCESO ADICIONAL DE MATERIA--TÉRMINO DE MATERIA
Término de materia o nombre geográfico como elemento de entrada Teatro-
Subdivisión geográfica España-
Subdivisión cronológica S.XX.
9 (RLIN) 17307
830 1# - PUNTO DE ACCESO ADICIONAL DE SERIE-TÍTULO UNIFORME
Título uniforme Panorama de un siglo
9 (RLIN) 183835
852 ## - LOCALIZACIÓN
Ubicación ES-MaACL
Número de control de estantería C-19444
Holdings
Estatus retirado Estado de pérdida Estado de daño No para préstamo Biblioteca de origen Biblioteca actual Ubicación en estantería Fecha de adquisición Fuente de adquisición Total de préstamos Signatura topográfica completa Código de barras Visto por última vez Precio de reemplazo Tipo de ítem Koha
        Biblioteca del Ateneo de Madrid Biblioteca del Ateneo de Madrid Galería 17/01/2008     C-19444 1104286 23/02/2023 23/02/2023 Libro impreso